00592nam a22001817a 450000500170000001000150001702000260003203500140005803700130007208200100008510000270009524501050012226000250022727000840025230000310033650000220036770000210038920181011144606.0 aENG-124239 a9789353062514c529.00 aEN-107771 bDBAD/PUB a512.5 aSivaramakrishna Das P. aLinear algebra and partial differential equations /cby P. Sivaramakrishna Das [and] C. Vijayakumari aNoidabPearsonc2018 a15th Floor, Tower B, Worls Trade Tower, Plot No.1, Block -CbNoida (UP)e201301 avarious pagingc25cm.(pbk) aIt includes index aVijayakumari C.